000 01131cam a2200277 i 4500
001 000018421
003 DO-SdBNP
005 20250702095430.0
008 760514r19761959ctuaf b 001 1 eng
010 _a 75031443
020 _a0837185106
040 _aDO-SdBNP
_cDLC
_dDLC
041 1 _aengjpn
130 0 _aTaiheiki. English.
_939880
245 0 4 _aThe Taiheiki :
_ba chronicle of medieval Japan /
_ctranslated, with an introd. and notes, by Helen Craig McCullough.
260 _aWestport, Conn. :
_bGreenwood Press,
_c1976, c1959.
300 _axlix, 401 p., [5] leaves of plates :
_bill. ;
_c23 cm.
500 _aAscribed to Kojima Håoshi and others.
500 _aReprint of the ed. published by Columbia University Press, New York, which was issued as no. 59 of Records of civilization, sources and studies.
504 _aIncludes bibliographical references and index.
700 0 _aKojima Håoshi,
_dd. 1374.
_939883
700 1 _aMcCullough, Helen Craig.
_939884
830 0 _aRecords of civilization, sources and studies ;
_vno. 59.
_939885
910 _aCatalogación por derivada / LC
942 _2ddc
_cLBS1
999 _c17942
_d17942